The Wonder Years Episode Titles Quiz Stats

 Plays Quiz not verified by Sporcle

Challenge
Share
Tweet
Embed
Score 0/114 Timer 14:00
0 Plays Today
Season Episode % Correct
Season 1Pilot
90.7%
Season 2Christmas
65.1%
Season 6Summer
59.7%
Season 6Independence Day
59.7%
Season 1My Father's Office
57.4%
Season 1Swingers
54.3%
Season 3Math Class
53.5%
Season 1The Phone Call
52.7%
Season 4The Accident
51.9%
Season 2Our Miss White
51.2%
Season 5The Lake
51.2%
Season 1Angel
50.4%
Season 3Goodbye
50.4%
Season 3Math Class Squared
49.6%
Season 4Buster
49.6%
Season 3Wayne on Wheels
48.1%
Season 2Coda
47.3%
Season 5Back to the Lake
47.3%
Season 1Dance with Me
46.5%
Season 5Soccer
45.7%
Season 5Hero
45.7%
Season 2Heart of Darkness
45%
Season 2Just Between Me and You and Kirk and Paul and Carla and Becky
45%
Season 6Homecoming
45%
Season 2Nemesis
44.2%
Season 3Mom Wars
44.2%
Season 3The St. Valentine's Day Massacre
44.2%
Season 4Graduation
44.2%
Season 3The Tree House
43.4%
Season 5Private Butthead
43.4%
Season 2Loosiers
42.6%
Season 2Brightwing
42.6%
Season 3The Pimple
42.6%
Season 3Rock 'n Roll
42.6%
Season 3The Glee Club
42.6%
Season 4A Very Cutlip Christmas
42.6%
Season 4Heartbreak
42.6%
Season 5The Wedding
42.6%
Season Episode % Correct
Season 6Reunion
42.6%
Season 2Birthday Boy
41.9%
Season 3Moving
41.9%
Season 4Ninth Grade Man
41.9%
Season 4Denial
41.9%
Season 4Who's Aunt Rose?
41.9%
Season 6Poker
41.9%
Season 2Pottery Will Get You Nowhere
41.1%
Season 2Hiroshima, Mon Frere
41.1%
Season 2Walk Out
41.1%
Season 2Fate
41.1%
Season 2Whose Woods Are These?
41.1%
Season 3Summer Song
41.1%
Season 3Night Out
41.1%
Season 5Christmas Party
41.1%
Season 5Grandpa's Car
41.1%
Season 4Courage
40.3%
Season 4The Yearbook
40.3%
Season 6Hulk Arnold
40.3%
Season 2Steady as She Goes
39.5%
Season 3Daddy's Little Girl
39.5%
Season 2Square Dance
38.8%
Season 3Odd Man Out
38.8%
Season 4The House That Jack Built
38%
Season 5Frank and Denise
38%
Season 6Kevin Delivers
38%
Season 6New Years
38%
Season 3The Family Car
37.2%
Season 3Cocoa and Sympathy
37.2%
Season 4It's a Mad, Mad, Madeline World
37.2%
Season 5Triangle
37.2%
Season 5Carnal Knowledge
37.2%
Season 4Little Debbie
36.4%
Season 5Double Double Date
36.4%
Season 6White Lies
36.4%
Season 6The Test
36.4%
Season 2How I'm Spending My Summer Vacation
35.7%
Season 3On the Spot
35.7%
Season Episode % Correct
Season 4Road Trip
35.7%
Season 5Day One
35.7%
Season 5Kodachrome
35.7%
Season 5Lunch Stories
35.7%
Season 5Broken Hearts and Burgers
35.7%
Season 6Wayne and Bonnie
35.7%
Season 6Alice in Autoland
35.7%
Season 4Growing Up
34.9%
Season 5The Hardware Store
34.9%
Season 5The Lost Weekend
34.9%
Season 5Stormy Weather
34.9%
Season 6Eclipse
34.9%
Season 3The Powers That Be
34.1%
Season 5Pfeiffer's Choice
34.1%
Season 6Fishing
34.1%
Season 6Scenes from a Wedding
34.1%
Season 3Don't You Know Anything About Women?
33.3%
Season 3The Unnatural
33.3%
Season 5Full Moon Rising
33.3%
Season 6Sex and Economics
33.3%
Season 6Nose
33.3%
Season 3She, My Friend and I
32.6%
Season 4The Journey
32.6%
Season 4The Sixth Man
32.6%
Season 5Road Test
32.6%
Season 6Unpacking
32.6%
Season 6The Little Women
32.6%
Season 3Faith
31.8%
Season 4When Worlds Collide
31.8%
Season 4Separate Rooms
31.8%
Season 5Of Mastodons and Men
31%
Season 5Dinner Out
30.2%
Season 4The Cost of Living
28.7%
Season 4The Ties That Bind
27.9%
Season 6Politics as Usual
27.9%
Season 4The Candidate
27.1%
Season 6Ladies and Gentlemen... the Rolling Stones
27.1%
Season 6Let Nothing You Dismay
24%

You're not logged in!

Compare scores with friends on all Sporcle quizzes.
Join for Free
OR
Log In

You Might Also Like...

Show Comments

Extras

Top Quizzes Today


Score Distribution

Your Account Isn't Verified!

In order to create a playlist on Sporcle, you need to verify the email address you used during registration. Go to your Sporcle Settings to finish the process.

Report this User

Report this user for behavior that violates our Community Guidelines.

Details: